| 000 | 00650nam a22002177a 4500 | ||
|---|---|---|---|
| 005 | 20250807153224.0 | ||
| 008 | 250807b |||||||| |||| 00| 0 eng d | ||
| 020 | _a978 0 300 11254 2 (hbk) | ||
| 037 | _cTB | ||
| 040 |
_aAL _cAL |
||
| 041 |
_2ENG _aENG |
||
| 084 |
_aV45.P Q7 _qAL |
||
| 100 |
_aAmanat, Abbas _9817469 |
||
| 245 |
_aIran: _bModern history |
||
| 260 |
_aLondon, UK: _bYale University Press, _c2017. |
||
| 300 | _axiii,979p. | ||
| 365 |
_b40.00 _cUSD |
||
| 650 | _2IRAN - HISTORY | ||
| 942 |
_2CC _cTB _hV45.P Q7 _n0 |
||
| 999 |
_c1434615 _d1434615 |
||